Cities by Stadium #3 - Statistics

General Stats
  • This quiz has been taken 11 times
  • The average score is 3 of 15
Answer Stats
Stadium City % Correct
Tropicana Field St. Petersburg
80%
Prudential Center Newark
60%
MetLife Stadium East Rutherford
40%
Qualcomm Stadium San Diego
40%
Pepsi Center Denver
20%
Levi's Stadium Santa Clara
20%
Scottrade Center St. Louis
20%
Quicken Loans Arena Cleveland
0%
Dick's Sporting Goods Park Commerce City
0%
Saputo Stadium Montreal
0%
Providence Park Portland
0%
Edgerton Park Arena Rochester
0%
Rio Tinto Park Sandy
0%
BB&T Center Sunrise
0%
Moody Coliseum University Park
0%
No matching quizzes found
Score Distribution
Percent of People with Each Score
Percentile by Number Answered
Your Score History
You have not taken this quiz